00928 2200229 4500001002100000005001500021035002000036245009600056100001800152250000600170300001900176856001300195700001800208260003200226082000800258084001500266020001500281600004500296520030600341008004100647990001000688INLIS00000000000317020230522091049 a0010-11220000171 aWhy women talk and men walk :bagar pria & wanita sukses menjalin hubungan /cpatricia love0 apatricia love a1 a348hal ;c22cm aFilsafat0 asteven stosny aJakarta :bUfuk Pres,c2008 a177 a177 PAT w a9791238984 4apria dan wanita sukses menjalin hubungan aBuku ini berisi tentang * Mengapa laki - laki dan perempuan selalu bertengkar * Mengapa laki - laki haya diam ? apasih yang mereka pikirkan * Apa saja hal yang terburuk yang dilakukan perempuan pada laki -laki * bagaimana rasa takut perempuan dan rasa malu laki - laki menghacurkan hubungan * dll230522 0  a12345